Największe miasta Cesarstwa Austriackiego w 1850 - Statystyki

Ogólne statystyki
  • Ten quiz został rozwiązany 195 razy
  • Średni wynik to 10 z 15
Statystyki odpowiedzi
L.p. Liczba ludności Miasto Państwo % Poprawnych
1 550 000 Wiedeń Austria
99%
10 50 000 Buda Węgry
96%
5 118 000 Praga Czechy
95%
15 40 000 Kraków Polska
93%
4 128 000 Peszt Węgry
93%
14 42 000 Bratysława Słowacja
90%
8 52 000 Lwów Ukraina
88%
3 140 000 Wenecja Włochy
79%
2 180 000 Mediolan Włochy
66%
12 48 000 Brno Czechy
64%
7 55 000 Graz Austria
53%
6 64 000 Triest Włochy
46%
9 51 000 Werona Włochy
28%
13 47 000 Segedyn Węgry
15%
11 49 000 Subotica Serbia
9%
Nie znaleziono quizów pasujących do podanych kryteriów
Rozkład punktacji
Procent ludzi z każdym wynikiem
Percentyl według liczby udzielonych odpowiedzi
Twoja historia wyników
Nie rozwiązałeś tego quizu